00929 a2200241 450000500170000000800410001701000140005802000230007203500130009503700180010808200120012610000160013824500840015426000350023827001090027330000250038250000520040770000170045970000170047694200460049399900150053995201330055420080908151155.0080908t xxu||||| |||| 00| 0 eng d aENG-87662 a8183600263c100.00 aEN-71195 bD.B.Act / Pub a631.587 aMane, M. S. aPrinciples of drip irrigation systemcby M.S. Mane, B. L. Ayare and S. S. Magar aNew DelhibJain Brothersc2006 a16/873, East Park Road, Karol BaghbNew Delhie110005k011-23618426, 011-23619023mjain_bros@hotmail.com a160 p.c22 cm. (Pbk) aIncludes glossary and bibliographical refrences aMagar, S. S. aAyare, B. L. adplcENk631.587 / MAN2ddch631.587mMAN c6809d6809 001040718NFICaDBADbDBADd2008-09-08g100.00l0o631.587 MANpEN-71195r2008-09-15 00:00:00t1u7312v100.00w2008-09-15yEN